Chapman Library

International marketing / (Record no. 88)

000 -LEADER
fixed length control field 00532cam a2200181 a 4500
020 ## - INTERNATIONAL STANDARD BOOK NUMBER
ISBN 0030244013
050 00 - LIBRARY OF CONGRESS CALL NUMBER
Classification number HF1416czi
100 1# - MAIN ENTRY--AUTHOR NAME
Personal name Czinkota, Michael R.
245 10 - TITLE STATEMENT
Title International marketing /
250 ## - EDITION STATEMENT
Edition statement 5th ed.
260 ## - PUBLICATION, DISTRIBUTION, ETC. (IMPRINT)
Place of publication Fort Worth :
Name of publisher Dryden Press,
Year of publication c1998.
300 ## - PHYSICAL DESCRIPTION
Number of Pages xxix, 860, 16 p. :
Other physical details ill., maps (some col.) ;
500 ## - GENERAL NOTE
General note One folded col. map in pocket.
650 #0 - SUBJECT ADDED ENTRY--TOPICAL TERM
Topical Term Export marketing.
700 1# - ADDED ENTRY--PERSONAL NAME
Personal name Ronkainen, Ilkka A.
856 42 - ELECTRONIC LOCATION AND ACCESS
Uniform Resource Identifier http://www.loc.gov/catdir/enhancements/fy1514/97066269-b.html
942 ## - ADDED ENTRY ELEMENTS (KOHA)
Koha item type Books
Holdings
Koha item type Collection code Shelving location Accession Number Permanent Location Current Location Date acquired Full call number
BooksLendingLending1781Chapman LibraryChapman Library2016-01-18HF5415
BooksLendingLending1782Chapman LibraryChapman Library2016-01-18HF5415
BooksReferenceReference1783Chapman LibraryChapman Library2016-01-18HF5415
BooksReferenceReference1784Chapman LibraryChapman Library2016-01-18HF5415


CSUC Chapman Library is a Koha Automated Library.


Contact us: library@csuc.edu.gh.